[Event "Hannover Bezirks op"]
[Site "Hannover"]
[Date "2020.02.15"]
[Round "2.7"]
[White "Basic, Miroslav"]
[Black "Bartel, Reinhard"]
[Result "1-0"]
[WhiteElo "1445"]
[BlackElo "1560"]
[PlyCount "89"]
[EventDate "2020.01.25"]
[EventType "swiss"]
[EventRounds "7"]
[EventCountry "GER"]
[SourceTitle "EXT 2023"]
[Source "ChessBase"]
[SourceDate "2022.10.05"]
[SourceVersion "1"]
[SourceVersionDate "2022.10.05"]
[SourceQuality "1"]

1. d4 Nf6 2. c4 e6 3. Nc3 d5 4. cxd5 exd5 5. Bg5 Be7 6. Nf3 Nbd7 7. e3 Nb6 8. Be2 Be6 9. 0-0 Rc8 10. a4 0-0 11. a5 Nc4 12. b3 Nd6 13. Ne5 Nfe4 14. Bxe7 Qxe7 15. Nxe4 Nxe4 16. Bd3 f5 17. a6 Rb8 18. axb7 Rxb7 19. Nc6 Qd7 20. Ne5 Qe7 21. Ra6 Rf6 22. f3 Ng5 23. Qc2 Nf7 24. f4 Nd6 25. Rfa1 Nc8 26. Nc6 Qf8 27. Nxa7 Qb4 28. Nxc8 Bxc8 29. Ra8 Rf8 30. Ba6 Rb8 31. Rxb8 Qxb8 32. Bxc8 Rxc8 33. Qxf5 Rd8 34. Qc2 Re8 35. Kf2 Qd8 36. g3 Qe7 37. Re1 g6 38. Qc5 Qd7 39. b4 c6 40. Rb1 Qh3 41. Rh1 Qe6 42. Qc3 Rb8 43. h4 Qe4 44. Ra1 Qe7 45. Qxc6 1-0

[Event "Hannover Region-ch"]
[Site "Hannover"]
[Date "2014.03.29"]
[Round "5"]
[White "Basic, Miroslav"]
[Black "Simon, Georg"]
[Result "1-0"]
[WhiteElo "1531"]
[BlackElo "1703"]
[PlyCount "77"]
[EventDate "2014.02.01"]
[EventType "swiss"]
[EventRounds "7"]
[EventCountry "GER"]
[SourceTitle "EXT 2021"]
[Source "ChessBase"]
[SourceDate "2020.10.23"]
[SourceVersion "1"]
[SourceVersionDate "2020.10.23"]
[SourceQuality "1"]

1. d4 Nf6 2. c4 e6 3. Nc3 Bb4 4. Bd2 c5 5. a3 cxd4 6. axb4 dxc3 7. Bxc3 0-0 8. Nf3 Ne4 9. g3 Nxc3 10. bxc3 d5 11. cxd5 exd5 12. Bg2 Qc7 13. Rc1 a5 14. 0-0 axb4 15. cxb4 Qb6 16. Qxd5 Qxb4 17. Ng5 Nc6 18. Qd3 g6 19. Bxc6 bxc6 20. Rxc6 Qe7 21. h4 Bb7 22. Rb6 Rfd8 23. Qc4 Bd5 24. Qc2 Ra2 25. Rb2 Ra3 26. e3 Qe5 27. Rbb1 Rxe3 28. Kh2 Re2 29. Qc1 f6 30. Nh3 Qd4 31. Qf4 Re4 32. Qc7 Bc4 33. Rfd1 Bd3 34. Rb8 Rxb8 35. Qxb8+ Kf7 36. Qb3+ Qc4 37. Rxd3 Qxb3 38. Rxb3 Re7 39. Nf4 1-0

[Event "Hannover Region-ch"]
[Site "Hannover"]
[Date "2014.03.01"]
[Round "3"]
[White "Basic, Miroslav"]
[Black "Frese, Immo"]
[Result "0-1"]
[WhiteElo "1531"]
[BlackElo "1708"]
[PlyCount "148"]
[EventDate "2014.02.01"]
[EventType "swiss"]
[EventRounds "7"]
[EventCountry "GER"]
[SourceTitle "EXT 2021"]
[Source "ChessBase"]
[SourceDate "2020.10.23"]
[SourceVersion "1"]
[SourceVersionDate "2020.10.23"]
[SourceQuality "1"]

1. d4 d5 2. Nf3 Nf6 3. Bg5 e6 4. e3 Nbd7 5. c4 Be7 6. Nc3 h6 7. Bh4 0-0 8. cxd5 exd5 9. Qb3 c6 10. Be2 Re8 11. 0-0 Qb6 12. Qc2 Ne4 13. Nxe4 Bxh4 14. Nd6 Re6 15. Nxc8 Qd8 16. Nxa7 Rxa7 17. Qf5 Be7 18. Bd3 Nf8 19. Ne5 Rf6 20. Qh5 Bd6 21. Ng4 Re6 22. f4 Nd7 23. f5 Nf6 24. Qh4 Re8 25. Rf3 Nxg4 26. Qxg4 Qf6 27. Rh3 b6 28. a3 c5 29. Bb5 Re4 30. Qf3 cxd4 31. exd4 Qxd4+ 32. Qf2 Qf6 33. Kh1 Bc5 34. Qc2 Rae7 35. g4 Re1+ 36. Rxe1 Rxe1+ 37. Kg2 Qg5 38. Kg3 Re3+ 39. Kg2 Qxg4+ 40. Rg3 Rxg3+ 41. hxg3 Qd4 42. b4 Qg1+ 43. Kf3 Bd6 44. Qf2 Qd1+ 45. Qe2 Qb3+ 46. Qe3 Qxe3+ 47. Kxe3 Bxg3 48. Kd4 h5 49. Kxd5 Kf8 50. Bf1 Ke7 51. a4 Be1 52. b5 Kf6 53. Bh3 g5 54. fxg6 fxg6 55. Ke4 g5 56. Bg2 h4 57. Kf3 Ke5 58. Kg4 Bd2 59. Bf3 Kd4 60. Bd1 Ke3 61. Kxg5 h3 62. Kg4 h2 63. Bf3 Kf2 64. Bc6 Kg1 65. Kf5 h1Q 66. Bxh1 Kxh1 67. Ke4 Kg1 68. Kd3 Ba5 69. Ke2 Kg2 70. Ke3 Kf1 71. Kd3 Ke1 72. Kc2 Ke2 73. Kc1 Kd3 74. Kb2 Kc4 0-1

[Event "Daehne Cup Region 13/14 I"]
[Site "Hannover"]
[Date "2013.10.16"]
[Round "1"]
[White "Degro, Heiko"]
[Black "Basic, Miroslav"]
[Result "1-0"]
[WhiteElo "2013"]
[BlackElo "1531"]
[PlyCount "39"]
[EventDate "2013.10.16"]
[EventType "k.o."]
[EventRounds "4"]
[EventCountry "GER"]
[SourceTitle "EXT 2022"]
[Source "ChessBase"]
[SourceDate "2021.10.06"]
[SourceVersion "1"]
[SourceVersionDate "2021.10.06"]
[SourceQuality "1"]

1. d4 Nf6 2. c4 g6 3. Nc3 Bg7 4. e4 d6 5. f3 0-0 6. Be3 c6 7. Bd3 Nbd7 8. Qd2 e5 9. d5 cxd5 10. cxd5 b6 11. Nh3 Nc5 12. Nf2 Nxd3+ 13. Nxd3 Nd7 14. 0-0 Ba6 15. Rfc1 f5 16. Nb4 Bb7 17. Nc6 Qe8 18. Nb5 f4 19. Nxd6 fxe3 20. Qxe3 1-0

[Event "Hannover Region-ch"]
[Site "Hannover"]
[Date "2013.04.06"]
[Round "5"]
[White "Reinecke, Juergen"]
[Black "Basic, Miroslav"]
[Result "1/2-1/2"]
[WhiteElo "1794"]
[BlackElo "1457"]
[PlyCount "41"]
[EventDate "2013.01.26"]
[EventType "swiss"]
[EventRounds "7"]
[EventCountry "GER"]
[SourceTitle "EXT 2021"]
[Source "ChessBase"]
[SourceDate "2020.10.23"]
[SourceVersion "1"]
[SourceVersionDate "2020.10.23"]
[SourceQuality "1"]

1. e4 d5 2. exd5 Qxd5 3. Nc3 Qa5 4. d4 Nf6 5. Nf3 Bf5 6. Bc4 e6 7. 0-0 c6 8. Bd2 Qc7 9. a4 Bd6 10. h3 h6 11. Re1 0-0 12. Rc1 Nbd7 13. Qe2 Bf4 14. Bxf4 Qxf4 15. g3 Qd6 16. Kg2 Qb4 17. Bb3 Nb6 18. Na2 Qa5 19. Qd2 Qxd2 20. Nxd2 Rad8 21. Nf3 1/2-1/2

[Event "Hannover Region-ch"]
[Site "Hannover"]
[Date "2013.02.09"]
[Round "2"]
[White "Basic, Miroslav"]
[Black "Brockmann, Marc"]
[Result "1/2-1/2"]
[WhiteElo "1457"]
[BlackElo "1389"]
[PlyCount "104"]
[EventDate "2013.01.26"]
[EventType "swiss"]
[EventRounds "7"]
[EventCountry "GER"]
[SourceTitle "EXT 2021"]
[Source "ChessBase"]
[SourceDate "2020.10.23"]
[SourceVersion "1"]
[SourceVersionDate "2020.10.23"]
[SourceQuality "1"]

1. d4 Nf6 2. Nf3 g6 3. c4 Bg7 4. Nc3 0-0 5. g3 d6 6. Bg2 c5 7. dxc5 dxc5 8. 0-0 Nc6 9. Qxd8 Rxd8 10. Be3 Nd4 11. Rad1 Ne8 12. Bf4 Nxf3+ 13. Bxf3 Nd6 14. Nb5 Bh3 15. Rfe1 Nxc4 16. b3 Rxd1 17. Rxd1 Ne5 18. Bxb7 Rb8 19. Ba6 h5 20. Rd5 f6 21. Rxc5 Rd8 22. Rc1 Nc6 23. Nc7 Nb4 24. Bc4+ Kh7 25. Ne6 Bxe6 26. Bxe6 Nxa2 27. Ra1 Nc3 28. Kf1 g5 29. Be3 Rd6 30. Bc4 Rd1+ 31. Rxd1 Nxd1 32. Bxa7 e5 33. b4 Nb2 34. Bd3+ Nxd3 35. exd3 Bf8 36. b5 Bd6 37. b6 Bc5 38. Ke2 Kg7 39. Kf3 f5 40. Ke2 Kf7 41. f3 Ke6 42. Kd2 Kd5 43. Kc3 g4 44. fxg4 fxg4 45. Kc2 e4 46. dxe4+ Kxe4 47. Kc3 Kf3 48. Kc4 Bg1 49. Kb5 Kg2 50. Bb8 Bxb6 51. Kxb6 Kxh2 52. Kc6 Kh3 1/2-1/2

[Event "Daehne Cup Region 12/13 I Rest"]
[Site "Hannover"]
[Date "2012.12.05"]
[Round "4"]
[White "Eike, Thomas"]
[Black "Basic, Miroslav"]
[Result "1-0"]
[WhiteElo "1738"]
[BlackElo "1474"]
[PlyCount "83"]
[EventDate "2012.11.??"]
[EventType "swiss"]
[EventCountry "GER"]
[SourceTitle "EXT 2022"]
[Source "ChessBase"]
[SourceDate "2021.10.06"]
[SourceVersion "1"]
[SourceVersionDate "2021.10.06"]
[SourceQuality "1"]

1. Nf3 Nf6 2. d4 g6 3. g3 Bg7 4. Bg2 d6 5. 0-0 0-0 6. c4 c6 7. Nc3 Nbd7 8. e4 e5 9. Be3 Ng4 10. Bg5 Qc7 11. h3 Ngf6 12. Qd2 exd4 13. Nxd4 Ne5 14. b3 a6 15. Kh2 Nfd7 16. Rad1 Nc5 17. f4 Ned3 18. Nc2 a5 19. a3 Qb6 20. Rb1 Qa6 21. Rf3 Bxc3 22. Qxc3 Nxe4 23. Qxd3 Nxg5 24. fxg5 Bf5 25. Qc3 d5 26. Rc1 dxc4 27. Qxc4 Rad8 28. Qxa6 bxa6 29. Ne3 Be4 30. Rf2 Bxg2 31. Kxg2 Rd3 32. Ng4 Rxb3 33. Rxc6 Rxa3 34. Rxa6 Rb8 35. Nh6+ Kf8 36. Rxf7+ Ke8 37. Re6+ Kd8 38. Rd6+ Ke8 39. Re6+ Kd8 40. Re2 a4 41. Ra7 Rbb3 42. Nf7+ 1-0

[Event "Daehne Cup Region 12/13 I"]
[Site "Hannover"]
[Date "2012.11.07"]
[Round "1"]
[White "Kiesewetter, Oliver"]
[Black "Basic, Miroslav"]
[Result "1-0"]
[WhiteElo "1864"]
[BlackElo "1474"]
[PlyCount "45"]
[EventDate "2012.11.07"]
[EventType "k.o."]
[EventRounds "4"]
[EventCountry "GER"]
[SourceTitle "EXT 2022"]
[Source "ChessBase"]
[SourceDate "2021.10.06"]
[SourceVersion "1"]
[SourceVersionDate "2021.10.06"]
[SourceQuality "1"]

1. d4 d5 2. Nf3 Bf5 3. c4 dxc4 4. Nc3 e6 5. e4 Bg4 6. Be3 Nf6 7. Bxc4 Bb4 8. Qa4+ Nc6 9. Ne5 0-0 10. Nxc6 bxc6 11. Qxb4 Rb8 12. Qa3 Nd7 13. 0-0 Qf6 14. Be2 Bxe2 15. Nxe2 e5 16. b3 Qh4 17. Ng3 Nf6 18. f3 exd4 19. Nf5 Qh5 20. Bxd4 Kh8 21. Qxa7 Rbd8 22. Qxc7 Rc8 23. Qg3 1-0

[Event "Niedersachsen-ch op-B"]
[Site "Verden"]
[Date "2012.01.05"]
[Round "7"]
[White "Brockmann, Marc"]
[Black "Basic, Miroslav"]
[Result "1/2-1/2"]
[WhiteElo "1180"]
[BlackElo "1433"]
[PlyCount "88"]
[EventDate "2012.01.02"]
[EventType "swiss"]
[EventRounds "7"]
[EventCountry "GER"]
[SourceTitle "EXT 2021"]
[Source "ChessBase"]
[SourceDate "2020.10.23"]
[SourceVersion "1"]
[SourceVersionDate "2020.10.23"]
[SourceQuality "1"]

1. d4 d5 2. c4 c6 3. cxd5 cxd5 4. Nf3 Nc6 5. Nc3 Bf5 6. Qb3 e6 7. Qxb7 Nb4 8. Qb5+ Qd7 9. Qxd7+ Kxd7 10. Kd2 Nc2 11. Rb1 Nxd4 12. Nxd4 Bxb1 13. Nxb1 Bc5 14. e3 Nf6 15. Bb5+ Ke7 16. Ke2 Rhc8 17. Nd2 Rc7 18. N2b3 Bb6 19. Bd2 a6 20. Bc6 Rac8 21. Bb4+ Kd8 22. Rc1 e5 23. Bd6 exd4 24. Bxc7+ Rxc7 25. Nxd4 Bxd4 26. exd4 Ke7 27. Kd2 Kd6 28. Ba4 Rxc1 29. Kxc1 Ng4 30. f3 Ne3 31. g4 f5 32. h3 fxg4 33. hxg4 g5 34. Bd1 a5 35. Be2 h6 36. Kd2 Ng2 37. a3 Nf4 38. b4 Nxe2 39. Kxe2 axb4 40. axb4 Kc6 41. Kd3 Kb5 42. Kc3 Kb6 43. Kb3 Kb5 44. Ka3 Kc4 1/2-1/2

[Event "Niedersachsen-ch op-B"]
[Site "Verden"]
[Date "2012.01.02"]
[Round "2"]
[White "Graf, Tristan"]
[Black "Basic, Miroslav"]
[Result "1/2-1/2"]
[WhiteElo "932"]
[BlackElo "1433"]
[PlyCount "53"]
[EventDate "2012.01.02"]
[EventType "swiss"]
[EventRounds "7"]
[EventCountry "GER"]
[SourceTitle "EXT 2021"]
[Source "ChessBase"]
[SourceDate "2020.10.23"]
[SourceVersion "1"]
[SourceVersionDate "2020.10.23"]
[SourceQuality "1"]

1. e4 c5 2. c4 Nc6 3. Nc3 d6 4. Nf3 Bg4 5. Be2 g6 6. h3 Bd7 7. d3 Bg7 8. Bg5 Nf6 9. 0-0 0-0 10. Qd2 Qc8 11. Bh6 a6 12. Bxg7 Kxg7 13. Nh4 Nd4 14. f4 h6 15. Nf3 Nxe2+ 16. Nxe2 b5 17. f5 gxf5 18. exf5 Bxf5 19. Nh4 Bg6 20. Rf3 bxc4 21. dxc4 Qe6 22. b3 Be4 23. Rg3+ Kh7 24. Nc3 Bc6 25. Re1 Qd7 26. Rf1 Rg8 27. Nf5 1/2-1/2